000 00782nam a2200181Ia 4500
003 GCL
008 140319s9999 xx 000 0 ara d
040 _aGCL /
_cGCL
082 0 4 _aط
_b362.4053
_bم ت
100 1 _aالمجلس العربى للطفولة والتنمية
245 1 0 _aالتقرير السنوى الاول عن الاعاقة ومؤسسات رعاية وتاهيل المعاقين فى الوطن العربى /
_cالمجلس العربى للطفولة والتنمية
260 _aالقاهرة :
_bالمجلس العربى للطفولة والتنمية ،
_c2002
300 _a ؛
_c24 سم
490 _aتراث
_v0
650 0 4 _aالمعوقون
650 0 4 _aالعالم العربى - الاحوال الاجتماعية
942 _2ddc
_cBK
999 _c29811
_d29811